Vista normal
Vista MARC
Entrada Topical Term
Número de registros utilizados en: 1
001 - CONTROL NUMBER
- control field: 3814
003 - CONTROL NUMBER IDENTIFIER
- control field: OSt
005 - DATE AND TIME OF LATEST TRANSACTION
- control field: 20200430144028.0
008 - FIXED-LENGTH DATA ELEMENTS
- fixed length control field: 200430|| aca||aabn | a|a d
040 ## - CATALOGING SOURCE
- Original cataloging agency: OSt
- Transcribing agency: OSt
150 ## - HEADING--TOPICAL TERM
- Topical term or geographic name entry element: Clases sociales Psicología social
670 ## - SOURCE DATA FOUND
- Source citation: Work cat.: (OSt)5028: Villar Gaviria, Álvaro, autor 3813, Psicología y clases sociales en Colombia /, 1978